| 000 | nam a22 a 4500 | ||
|---|---|---|---|
| 999 |
_c4753 _d4753 |
||
| 003 | AKMAL | ||
| 005 | 20180103084636.0 | ||
| 008 | 180103s2017 my g o000 0 may d | ||
| 020 |
_a9789679312843 _qpaperback |
||
| 082 | 0 | 4 |
_a025.32209595 STA _223 |
| 090 | 0 | 0 |
_a025.32209595 _dSTA |
| 245 | 0 | 0 |
_aSTANDARD ENTRI PENGKATALOGAN MALAYSIA : _bNAMA BADAN SELEMBAGA |
| 264 | 1 |
_aKuala Lumpur : _bPerpustakaan Negara Malaysia, _c2017 |
|
| 300 | _ccm | ||
| 650 | 1 | 0 |
_aCorporate headings (Cataloging) _xStandards _zMalaysia _99090 |
| 650 | 2 | 0 |
_aAuthority files (Information retrieval) _zMalaysia _99091 |
| 650 | 2 | 0 |
_aConference headings (Cataloging) _zMalaysia _99092 |
| 650 | 2 | 0 |
_aGovernment headings (Cataloging) _zMalaysia _99093 |
| 710 | 2 |
_aPerpustakaan Negara Malaysia, _eissuing body. _9743 |
|
| 942 |
_2ddc _cBOOK |
||